Statistics for Billy Joel Lyrics Quiz (Part 101)

Click here to take the quiz!

General Stats

  • This quiz has been taken 17 times
  • The average score is 106 of 197

Answer Stats

Answer% Correct
a
100%
I
100%
the
100%
And
93%
and
93%
can
93%
in
93%
is
93%
to
93%
go
86%
she
86%
We
86%
I’m
79%
me!
79%
me
79%
on
79%
when
79%
it’s
71%
my
64%
of
64%
Or
64%
that
64%
but
57%
But
57%
him
57%
I’ve
57%
know
57%
never
57%
night
57%
again
50%
every
50%
got
50%
knows
50%
out
50%
says
50%
Well,
50%
been
43%
get
43%
mind
43%
thinks
43%
always
36%
did
36%
Everybody
36%
hears
36%
just
36%
light
36%
Oh,
36%
they’ve
36%
crazy
29%
done
29%
Nobody
29%
nobody
29%
things
29%
turn
29%
along
21%
bed
21%
friend
21%
myself
21%
edge
14%
fine
14%
places
14%
really
14%
sees
14%
sitting
14%
sleep
14%
talking
14%
Talking
14%
Daddy
7%
kid
7%
kiss
7%
Mama
7%
Nobody’s
7%
secret
7%
spoken
7%
stage
7%
traveled
0%

Score Distribution

Percentile by Number Answered

Percent of People with Each Score

Your Score History

You have not taken this quiz